000 00515nam a2200193Ia 4500
001 17989
008 171215s1966 ii g b000 u 465 u
082 _a320.954
100 _aPrakasa, .
245 0 _aState Governors in India /
_cPrakasa.
_hTextual Documents
250 _a1st ed. /
260 _aMeerut :
_bMeenakshi Prakashan ,
_c1966.
300 _a95p. ;
_c18cm.
653 _aGovernors-India
653 _aG-Political Science
653 _aPG- T/PG
653 _aT/G-Political Science
942 _2ddc
_cBK
999 _c17971
_d17971